000 00581nam a2200181Ia 4500
008 090123s9999 xx 000 0 und d
082 _b37500
100 _aनगर्सेकर सुरेश
245 _aनाभिचिकित्सा
250 _a1
260 _bमनोरमा प्रकाशन
_c2004
300 _a40
600 _aनगर्सेकर सुरेश
630 _aनाभिचिकित्सा
700 _aनगर्सेकर सुरेश
730 _aनाभिचिकित्सा
942 _cBOOK
999 _c75567
_d75567